A Fuggerek jelentösége Magyarország történetében

Titel: A Fuggerek jelentösége Magyarország történetében / Wenzel Gusztáv
Verfasser:
Veröffentlicht: Budapest : Akad. Könyvkiadó, 1883
Umfang: 212 S.
Format: Buch
Sprache: Ungarisch
Kein Bild verfügbar
X
Lokale Klassifikation: 54 7 D ; 24 7 D ; 24 7 F ; 54 7 F ; 2 F 112
alg: 19566286
001A    $03004:13-03-08 
001B    $01999:03-06-23 $t03:05:00.000 
001C    $03004:13-03-08 $t17:16:37.000 
001D    $03004:13-03-08 
001U    $0utf8 
001X    $00 
002@    $0Aay 
003@    $0195662865 
003O    $0253141621 $aOCoLC 
007A    $0195662865 $aHEB 
007T    $0Herdhh195662865 
010@    $ahun 
011@    $a1883 
021A    $aA @Fuggerek jelentösége Magyarország történetében $hWenzel Gusztáv 
028A    $#Wenzel, Gustav $7 $8Wenzel, Gusztáv [Tnd] $9137281579 
033A    $pBudapest $nAkad. Könyvkiadó 
034D    $a212 S. 
045F    $a900.943909023 $eDDC23BSB 
045F/01 $a900 
045F/03 $f09023 
045F/03 $f09024 
045F/03 $f09031 
045F/03 $g439 
045F/03 $g4373 

lok: 19566286 24
101B    $009-05-12 $t17:24:05.000 
101C    $013-03-08 
101U    $0utf8 
145Z/01 $a54 7 D 
145Z/02 $a24 7 D 
145Z/03 $a24 7 F 
145Z/04 $a54 7 F 
145Z/05 $a2 F 112 

exp: 19566286 24 1 #EPN
201B/01 $019-11-19 $t15:23:04.000 
201C/01 $013-03-08 
201U/01 $0utf8 
203@/01 $0526158158 
208@/01 $a13-03-08 $br 
209A/01 $a54 VII D 1 $du $f050 $h54 7 D 1 $x00 
209C/01 $a2363 K 65 $h65 2363 K 
209G/01 $a74296440 $x00 
220C/01 $aneu 
244Z/01 $711853677X $8--Tp1--$PFugger$lFamilie : 14. Jh.- : Augsburg $x02 $9086877836 
247C/01 $8358050-7 Marburg, Bibliothek des Herder-Instituts Marburg $9102600961 

exp: 19566286 24 2 #EPN
201B/02 $018-12-12 $t15:53:42.000 
201C/02 $018-06-12 
201U/02 $0utf8 
203@/02 $064457366X 
208@/02 $a19-06-12 $ba 
209A/02 $azur Erwerbung bestellt $f050 $x00 
220C/02 $anie. - Muss noch per FL bestellt werden. (Falschen Titel bestellt) 
244Z/02 $711853677X $8--Tp1--$PFugger$lFamilie : 14. Jh.- : Augsburg $x01 $9086877836 
247C/02 $8358050-7 Marburg, Bibliothek des Herder-Instituts Marburg $9102600961 

lok: 19566286 78

exp: 19566286 78 1 #EPN
201B/01 $019-04-17 $t21:12:02.000 
201U/01 $0utf8 
203@/01 $0794522955 
208@/01 $a12-11-16 $be 
209A/01 $a/ $f000 $x00 
237A/01 $aweiterführende Signatur(en): Herder-Institut: 54 VII D 1 
244Z/01 $2Trx $#Ungari $#Vengrija $#Ungārija $#Ungarn $#Hungary $#Węgry $#Maďarsko $#Maďarsko $#Uhorsko $#Uhersko;Uhry $8--Trx--Magyarország $x01 $9391197150 
244Z/01 $2Trx $#Slowakische Republik $#Szlovák Köztársaság $#Republika Słowacka $#Slovenská Republika $#Slovensko $#Slowakei $#Słowacja $#Slovensko $8--Trx--Slovenská Republika $x02 $9391345796 
244Z/01 $2Trx $#Fukier  $#Fuggerovci $#Fuggerové $#Fugger vom Reh $#Fuggerowie $8--Trx--$PFugger$lOstmitteleuropa, Familie $x03 $9391103539 
244Z/01 $2Trx $8--Trx--Monographie $x04 $9391384546 
245Z/01 $a06.02 $x01 
247C/01 $82080>Marburg/Lahn, Herder-Institut, Forschungsbibliothek, Bibliographieportal $9336309341
LEADER 00000cam a22000002c 4500
001 195662865
003 DE-603
005 20230603030500.0
007 tu
008 080313s1883 xx |||| | u00||u|hun c
035 |a (DE-599)HEB195662865 
035 |a (OCoLC)253141621 
040 |a DE-603  |b ger  |c DE-603  |d DE-603 
041 |a hun 
082 0 4 |8 1\u  |a 900.943909023  |q DE-101  |2 23/BSB 
085 |8 1\u  |b 900 
085 |8 1\u  |z 1  |s 09023 
085 |8 1\u  |z 1  |s 09024 
085 |8 1\u  |z 1  |s 09031 
085 |8 1\u  |z 2  |s 439 
085 |8 1\u  |z 2  |s 4373 
100 1 |a Wenzel, Gusztáv  |0 (DE-603)137281579 
245 0 0 |a ˜Aœ Fuggerek jelentösége Magyarország történetében  |c Wenzel Gusztáv 
264 1 |a Budapest  |b Akad. Könyvkiadó  |c 1883 
300 |a 212 S. 
924 0 |9 Mb 50  |a (DE-603)526158158  |b DE-Mb50  |c HES  |d c  |g 54 VII D 1 
924 0 |9 Mb 50  |a (DE-603)64457366X  |b DE-Mb50  |c HES  |d c  |g zur Erwerbung bestellt 
924 0 |9 2080  |a (DE-603)794522955  |b DE-2080  |c HES  |d d  |g /